Loading...
| Current Events | 1 | 10.00 | 100% | 0% | 0% |
| Fine Arts - Classical Music | 5 | 10.00 | 100% | 0% | 0% |
| Fine Arts - Other | 6 | 10.00 | 83% | 17% | 0% |
| Fine Arts - Painting and Sculpture | 4 | 15.00 | 75% | 75% | 0% |
| Geography | 1 | 10.00 | 100% | 0% | 0% |
| History - American | 6 | 8.33 | 83% | 0% | 0% |
| History - European | 4 | 12.50 | 100% | 0% | 25% |
| History - Other | 4 | 15.00 | 75% | 75% | 0% |
| History - World | 5 | 16.00 | 100% | 60% | 0% |
| Literature - American | 5 | 22.00 | 100% | 60% | 60% |
| Literature - British | 4 | 12.50 | 100% | 25% | 0% |
| Literature - European | 3 | 13.33 | 100% | 33% | 0% |
| Literature - World | 3 | 10.00 | 100% | 0% | 0% |
| Mythology | 6 | 13.33 | 100% | 33% | 0% |
| Philosophy | 4 | 17.50 | 100% | 50% | 25% |
| Pop Culture | 2 | 20.00 | 100% | 50% | 50% |
| Religion | 4 | 12.50 | 100% | 0% | 25% |
| Science - Biology | 3 | 3.33 | 33% | 0% | 0% |
| Science - Chemistry | 6 | 8.33 | 67% | 17% | 0% |
| Science - Other | 6 | 13.33 | 100% | 33% | 0% |
| Science - Physics | 6 | 15.00 | 83% | 33% | 33% |
| Social Science | 6 | 8.33 | 67% | 0% | 17% |